| 000 | 00348nam a22001337a 4500 | ||
|---|---|---|---|
| 999 |
_c522819 _d522819 |
||
| 003 | NUST | ||
| 005 | 20190122140923.0 | ||
| 038 | _aTanveer | ||
| 082 |
_a954.9 _bSYE |
||
| 245 |
_aPakistan : / _bthe formative Phase 1857-1948 _cKhalid Bin Saeed |
||
| 260 |
_aKarachi : _bOxford University Press _c2007. |
||
| 300 |
_aviii, 341p. _c24cm |
||
| 942 |
_2ddc _cBK |
||